Central Library OPAC University of Rajshahi

A critical study of Dārā Shikūh's "Samudra-saṅgama" : (Record no. 30678)

MARC details
000 -LEADER
fixed length control field 01501cam a22002771 4500
001 - CONTROL NUMBER
control field 30678
003 - CONTROL NUMBER IDENTIFIER
rucl marc code BD-RjUL
005 - DATE AND TIME OF LATEST TRANSACTION
control field 20211209051612.0
008 - FIXED-LENGTH DATA ELEMENTS--GENERAL INFORMATION
fixed length control field 140410s1954 ii b 000 0 eng d
035 ## - SYSTEM CONTROL NUMBER
System control number (BD-RjUL)30765
040 ## - CATALOGING SOURCE
Original cataloging agency DLC
Transcribing agency DLC
Modifying agency DLC
-- BD-RjUL
Language of cataloging eng
041 ## - LANGUAGE CODE
Language code of text/sound track or separate title eng
082 ## - DEWEY DECIMAL CLASSIFICATION NUMBER
Edition number 22
Classification number 297.2845
Author mark and year CHC V-1 Pt-1&2 1954
100 1# - MAIN ENTRY--PERSONAL NAME
Personal name Chaudhuri, Roma,
Dates associated with a name 1910-
9 (RLIN) 93191
245 12 - TITLE STATEMENT
Title A critical study of Dārā Shikūh's "Samudra-saṅgama" :
Remainder of title an Indo-Islamic synthetic philosophy /
Statement of responsibility, etc. Vol I in two parts / by Roma Chaudhuri ; Vol II / by Jatindra Bimal Chaudhuri.
Number of part/section of a work Vol I in two parts / by Roma Chaudhuri.
Name of part/section of a work Part I :
-- A Comparative Survey of Indian and Islamic Views (viz. of the Upanisads, Vedanta-Systems, Quran and Sufi-Systems).
-- Part II :
-- English Translation of "Samudra Sangama" With Critical Notes Comments Explanations and Reference.
Number of part/section of a work Vol II :
Name of part/section of a work First critical edition of the Sanskrit text of "Samudra-Saṇgama" /by Jatindra Bimal Chaudhuri.
260 ## - PUBLICATION, DISTRIBUTION, ETC. (IMPRINT)
Place of publication, distribution, etc. Calcutta,
Name of publisher, distributor, etc. Sanskrita Siksa Parisat, Govt. of West Bengal,
Date of publication, distribution, etc. 1954.
300 ## - PHYSICAL DESCRIPTION
Pagination 12, 164, 19 p. :
Size 25 cm.
504 ## - BIBLIOGRAPHY, ETC. NOTE
Bibliography, etc Includes bibliographical references.
650 #0 - SUBJECT ADDED ENTRY--TOPICAL TERM
Topical term or geographic name as entry element Islam
General subdivision Doctrines.
9 (RLIN) 93193
Topical term or geographic name as entry element Hinduism.
9 (RLIN) 93194
700 12 - ADDED ENTRY--PERSONAL NAME
Personal name Chaudhuri, Jatindra Bimal.
942 ## - ADDED ENTRY ELEMENTS (KOHA)
Source of classification or shelving scheme Dewey Decimal Classification
Koha item type Books
Holdings
Lost status Source of classification or shelving scheme Damaged status Not for loan Collection code Permanent Location Current Location Shelving location Date acquired Source of acquisition Cost, normal purchase price Total Checkouts Full call number Date last seen Copy number Koha item type
  Dewey Decimal Classification   Not For Loan Non-fiction Central Library, University of Rajshahi Central Library, University of Rajshahi Reading Room 11/12/1958 Das Gupta 12.00   297.2845 CHC V.1-2 (Pt-1&2) 1954 10/04/2014 C-1 Books